• 首页
  • 本馆介绍
  • 公告通知
  • 最新文献
  • 馆藏检索
  • 电子资源
  • 读者荐购
  • 参考咨询
  • CALIS
  • 我的图书馆
  • 登录
  • 详细信息显示
  • 放入我的书架
  • 预约/预借图书
  • 作者相关作品
  • 分类相关作品
  • 丛书相关作品
  • 出版社相关作品

书目信息

  • 表格格式
  • 工作单格式
  • 卡片格式
题名:
永久性沥青路面和力学经验法沥青路面设计
    
 
作者: 刘效尧 , Linbing Wang 主编
分册:  
出版信息: 合肥   中国科学技术大学出版社  2008.09
页数: 110页
开本: 26cm
丛书名:
单 册:
中图分类: U416.217-53
科图分类:
主题词: 沥青路面--li qing lu mian--道路工程--国际学术会议--文集
电子资源:
ISBN: 978-7-312-02395-8
 
 
 
 
 
000 01267nam0 2200313 450
001 012009699297
005 20090430164124.37
010    @a978-7-312-02395-8@dCNY58.00
100    @a20090430d2008 em y0chi0120 ea
101 0  @achi
102    @aCN@b340000
105    @aa a 000yy
106    @ar
200 1  @a永久性沥青路面和力学经验法沥青路面设计@Ayong jiu xing li qing lu mian he li xue jing yan fa li qing lu mian she ji@e第二届国际路面工程讨论会
210    @a合肥@c中国科学技术大学出版社@d2008.09
215    @a110页@c图@d26cm
300    @a第二届国际路面工程讨论会
312    @a英文并列题名取自封面
314    @a责任者取自书中
320    @a有书目
330    @a2007年召开的第二届国际路面工程研讨会,主题是永久性路面和力学经验法的原理、设计和实践。本书是该次会议的论文集。
510 1  @aPerpetual asphalt pavements and me asphalt pavements design@ethe 2th international symposium on pavement engineering@zeng
517 1  @a第二届国际路面工程讨论会@Adi er jie guo ji lu mian gong cheng tao lun hui
606 0  @a沥青路面@Ali qing lu mian@x道路工程@x国际学术会议@j文集
690    @aU416.217-53@v4
701  0 @a刘效尧@Aliu xiao yao@4主编
701  0 @aLinbing Wang@4主编
801  0 @aCN@bQSSK@c20090430
905    @b741126-28@dU416.217-53@eL698@f3
    
    永久性沥青路面和力学经验法沥青路面设计:第二届国际路面工程讨论会.-合肥:中国科学技术大学出版社,2008.09
    110页:图;26cm
    第二届国际路面工程讨论会
    
    ISBN 978-7-312-02395-8:CNY58.00
    2007年召开的第二届国际路面工程研讨会,主题是永久性路面和力学经验法的原理、设计和实践。本书是该次会议的论文集。
●
相关链接 在E读中查询图书 在当当中查询图书 在豆瓣中查询图书


正题名:永久性沥青路面和力学经验法沥青路面设计     索取号:U416.217-53/L698         预约/预借

序号 登录号 条形码 馆藏地/架位号 状态 备注
1 741126   207411264   自科库501/501自科库 53排3列4层/ [索取号:U416.217-53/L698] 在馆    
2 741127   207411273   自科库501/501自科库 53排3列4层/ [索取号:U416.217-53/L698] 在馆    
3 741128   207411282   自科库501/501自科库 53排3列4层/ [索取号:U416.217-53/L698] 在馆    
河南城建学院图书馆 欢迎您!
大连网信软件有限公司© 版权所有